• 首页
  • 本馆介绍
  • 公告通知
  • 最新文献
  • 馆藏检索
  • 电子资源
  • 读者导购
  • 参考咨询
  • 我的图书馆
  • 登录
  • 详细信息显示
  • 放入我的书架
  • 预约/预借图书
  • 作者相关作品
  • 分类相关作品
  • 丛书相关作品
  • 出版社相关作品

书目信息

  • 表格格式
  • 工作单格式
  • 卡片格式
题名:
中国高等教育结构研究
    
 
作者: 郝克明 , 汪永铨 主编
分册:  
出版信息: 北京   人民教育出版社  1987
页数: 461页
开本: 20cm
丛书名:
单 册:
中图分类: G649.2 , G64
科图分类:
主题词: 高等教育-教育组织结构--研究--中国 , 教育组织结构-高等教育--研究--中国 , 教育--各级
电子资源:
ISBN: 7-107-10160-9
000 00846nam0 2200289 45
001 0187002840
005 20040510104808.5
010    @a7-107-10160-9@b精装@dCNY4.75
100    @a19900808d1987 km y0chiy0121 ea
101 0  @achi
102    @aCN@b110000
105    @ay z 000yy
106    @ar
200 10 @a中国高等教育结构研究@Azhong guo gao deng jiao yu jie gou yan jiu@f郝克明, 汪永铨主编
210    @a北京@c人民教育出版社@d1987
215    @a461页@d20cm
300    @a附: 主要参考文献
606    @a高等教育-教育组织结构@x研究@y中国
606    @a教育组织结构-高等教育@x研究@y中国
606 0  @a教育@x各级
690    @aG649.2@v3
690    @aG64
701  0 @a郝克明@Ahao ke ming@4主编
701  0 @a汪永铨@Awang yong quan@4主编
801  0 @aCN@b深圳图书馆@c20040510
801  2 @aCN@bNLC@c20040510
905    @f1@b209101@dG64@e84
    
    中国高等教育结构研究/郝克明, 汪永铨主编.-北京:人民教育出版社,1987
    461页;20cm
    附: 主要参考文献
    
    ISBN 7-107-10160-9(精装):CNY4.75
    
●
相关链接 在E读中查询图书 在五车中查询图书 在当当中查询图书 在豆瓣中查询图书


正题名:中国高等教育结构研究     索取号:G64/84         预约/预借

序号 登录号 条形码 馆藏地/架位号 状态 备注
1 0209101   001005548   密集书库/ [索取号:G64/84] 在馆    
2 0209102   002067541   第一样本阅览室/ [索取号:G64/84] 在馆    
唐山师范学院图书馆 欢迎您!
大连网信软件有限公司© 版权所有